1412 1112 1385 1564 1070 1510 1163 1375 1594 1324 1870 1915 1964 1875 1527 1751 1611 1328 1089 1158 1813 1303 1517 1540 1932 1654 1350 1352 1898 1538 1726 1363 1152 1332 1584 1400 1159 1373 1382 1787 1776 1115 1008 1438 1694 1330 1265 1756 1385 1659 1578 1366 1763 1413 1652 1459 1640 1553 1040 1554 1969 1153 1578 1651 1996 1934 1369 1311 1039 1276 1924 1117 1308 1211 1663 1083 1650 1865 1144 1192 1826 1715 1426 1326 1750 1155 1337 1236 1945 1996 1213 1237 1314 1091 1618 1600 1410 1638 1339 BCNSPRNW ULIB Ver.6.0+V

เปลี่ยนเป็นภาษาไทย

Change to English
 แสดงรายละเอียดบรรณานุกรม
  กลับหน้าหลัก

Brief Record : Get Marc (ISO 2709) : E-mail record : QR code < ปิดหน้าต่าง
LEADER : 00000nam 2200000uu 4500
001    13399127856
003     ULIB
008    211018s2560||||th 000 0 tha d
020    ^a9789740336310
060  4 ^aW20.5^bธ633ก
100 0  ^aธีรพล ทิพย์พยอม
245 10 ^aการทบทวนวรรณกรรมอย่างเป็นระบบขั้นพื้นฐานสำหรับบุคลากรทางการแพทย์ =^bBasic systematic review for healthcare professionals /^cธีรพล ทิพย์พยอม
246 31 ^aBasic systematic review for healthcare professionals
260    ^aกรุงเทพฯ :^bสำนักพิมพ์แห่งจุฬาลงกรณ์มหาวิทยาลัย,^c2560
300    ^a188 หน้า :^bภาพประกอบ
650  4 ^aการแพทย์^xวิจัย
650  4 ^aการทบทวนอย่างเป็นระบบ (วิจัยทางการแพทย์)
650  4 ^aแพทยศาสตร์^xวิจัย
650  4 ^aการเขียนโครงการวิจัย
945    ^p160^l0^i008364
945    ^p160^l0^i008365
945    ^p160^l0^i008366
945    ^p160^l0^i008367
945    ^p160^l0^i008368
945    ^p160^l0^i008369
999    ^aประนอม เกษจรัล
รายการนี้ยังไม่มีแท็ก
คุณยังไม่ได้ล็อกอิน คุณสามารถมีกิจกรรมร่วมกับเว็บไซต์ได้ แต่ต้องล็อกอินก่อน ::
  ล็อกอิน

รายการสื่อสารสนเทศ

ลำดับที่ ประเภท เลขเรียก/บาร์โค้ด สถานที่ สถานะ
1. วิทยาศาสตร์การแพทย์ และสุขภาพ
หนังสือสำรอง
สถานะ=หนังสือสำรอง
W20.5 ธ633ก ฉ.1 
  Barcode: 008364
ห้องสมุดวิทยาเขตสวรรค์ประชารักษ์
►หนังสือทั่วไป
บนชั้น
2. วิทยาศาสตร์การแพทย์ และสุขภาพ
วิทยาศาสตร์การแพทย์ และสุขภาพ
W20.5 ธ633ก ฉ.2 
  Barcode: 008365
ห้องสมุดวิทยาเขตสวรรค์ประชารักษ์
►หนังสือทั่วไป
บนชั้น
3. วิทยาศาสตร์การแพทย์ และสุขภาพ
วิทยาศาสตร์การแพทย์ และสุขภาพ
W20.5 ธ633ก ฉ.3 
  Barcode: 008366
ห้องสมุดวิทยาเขตสวรรค์ประชารักษ์
►หนังสือทั่วไป
บนชั้น
4. วิทยาศาสตร์การแพทย์ และสุขภาพ
วิทยาศาสตร์การแพทย์ และสุขภาพ
W20.5 ธ633ก ฉ.4 
  Barcode: 008367
ห้องสมุดวิทยาเขตสวรรค์ประชารักษ์
►หนังสือทั่วไป
บนชั้น
5. วิทยาศาสตร์การแพทย์ และสุขภาพ
วิทยาศาสตร์การแพทย์ และสุขภาพ
W20.5 ธ633ก ฉ.5 
  Barcode: 008368
ห้องสมุดวิทยาเขตสวรรค์ประชารักษ์
►หนังสือทั่วไป
บนชั้น
6. วิทยาศาสตร์การแพทย์ และสุขภาพ
วิทยาศาสตร์การแพทย์ และสุขภาพ
W20.5 ธ633ก ฉ.6 
  Barcode: 008369
ห้องสมุดวิทยาเขตสวรรค์ประชารักษ์
►หนังสือทั่วไป
บนชั้น

รายการใกล้เคียง
    ผู้แต่ง [ธีรพล ทิพย์พยอม]

    หัวเรื่อง [การทบทวนอย่างเป็นระบบ (วิจัยทางการแพทย์)]
    หัวเรื่อง [การเขียนโครงการวิจัย]

BibComment


ยังไม่เคยถูกคอมเมนท์

คอมเมนท์ทรัพยากรรายการนี้
  คอมเมนท์: การทบทวนวรรณกรรม..


 Copyright 2026. Bcnsprnw @Library